Deshidratación de la pulpa de pitahaya por el método de liofilización a escala de laboratorio

Plantea la deshidratación de la pulpa de Pitahaya lisa, mediante un método no convencional y de secado, poco conocido en Nicaragua como la liofilización o deshidratación por congelación al vació. Para este estudio se utilizó Pitahaya lisa, adquirida en los mercados locales, se evaluaron tres...

Full description

Bibliographic Details
Main Author: Moreno Úbeda, Cristel Isabel
Other Authors: Tutor: Guzman García, Guillermo
Format: Tesis Section = Libro
Language:Undetermined
Spanish
Published: Managua UNI 2004
Subjects:
LEADER 01852nam a2200253Ia 4500
008 240830s9999 xx 000 0 und d
040 |a BIBLIOTECA-RUSB/ Mon 664.0284 M843 
041 |a spa 
082 |a Mon 664.0284 M843 
100 1 |a Moreno Úbeda, Cristel Isabel 
245 1 0 |a Deshidratación de la pulpa de pitahaya por el método de liofilización a escala de laboratorio 
260 |a Managua  |b UNI  |c 2004 
300 |a 60 p. :il. 
500 |a Contiene: apéndices. 
502 |a Tesis (Ingeniero en Computación) - UNI, 2004. 
520 3 |a Plantea la deshidratación de la pulpa de Pitahaya lisa, mediante un método no convencional y de secado, poco conocido en Nicaragua como la liofilización o deshidratación por congelación al vació. Para este estudio se utilizó Pitahaya lisa, adquirida en los mercados locales, se evaluaron tres métodos físicos para separar las semillas de la pulpa y se eligió el más idóneo a nivel de laboratorio. 1) utilizando un tamiz 2) con agitación. 3) por centrifugación. Se estudió la cinética de secado de la pulpa de pitahaya con el objetivo de determinar la curva características de secado, para aportar elementos de cálculo y facilitar un diseño posterior de un secador. Y por último se estimaran los costos de producción que implica el proceso de deshidratación de la pulpa de Pitahaya por liofilización a pequeña escala, tomando en cuenta los costos de energía, materia prima y otros gastos que abarquen este proceso. 
650 7 |a SECADO Y DESHIDRATACION - PULPA DE PITAHAYA - LIOFILIZACION 
650 7 |b  PROCESO DE SECADO- PULPA DE PITAHAYA LIOFILIZACION 
650 7 |c  PROCESO DE LIOFILIZACION 
650 7 |d  COSTOS DE PRODUCCION - LIOFILIZACION 
700 1 |a Tutor:  |b Guzman García, Guillermo 
942 |c BK  |2 ddc 
991 |a TESIS 
999 |c 20707